Davy, e oltre /
Guardat en:
| Autor principal: | |
|---|---|
| Altres autors: | |
| Format: | Llibre |
| Idioma: | italià |
| Publicat: |
Milano :
A. Mondadori,
1986
|
| Etiquetes: |
Sense etiquetes, Sigues el primer a etiquetar aquest registre!
|
MARC
| LEADER | 00000nam a22000007ib4500 | ||
|---|---|---|---|
| 001 | IT\ICCU\RAV\0074982 | ||
| 003 | ItRI | ||
| 005 | 20250712160408.0 | ||
| 008 | 891110s1986 it |||||| ||||| |||||c | ||
| 040 | |b ita |c ct | ||
| 041 | 7 | |a ita |2 ISO-639-2 | |
| 100 | 1 | |a Pangborn, Edgar |0 IT\ICCU\RAVV\030679 |4 aut | |
| 240 | 1 | 0 | |a Opere (antologia) |9 Pangborn, Edgar |
| 245 | 1 | 0 | |a Davy, e oltre / |c Edgar Pangborn. |
| 260 | |a Milano : |b A. Mondadori, |c 1986 | ||
| 300 | |a 142 p. ; |c 19 cm | ||
| 500 | |a Contiene in traduzione italiana: The children's crusade (La crociata dei bambini), The legend of Hombas (La leggenda di Hombas), The Witches of Nupal (Le streghe di Nupal), Mam Sola's House (La casa di Mam Sola), Tiger boy (Il ragazzo della tigre) | ||
| 700 | 1 | |a Zinoni, Delio |0 IT\ICCU\CFIV\017196 |4 trl | |
| 773 | 0 | |w IT\ICCU\RAV\0009054 |t Urania |g 1034 | |
| 942 | |2 ddc |c BK | ||
| 952 | |0 0 |1 0 |2 ddc |4 0 |6 B_LNR03PANEDDAV11 |7 0 |9 4581 |a MI |b MI |d 1987-06-10 |i 183 |l 0 |o B-LNR03-PANED-DAV11 |p CDOM183 |r 2025-07-04 21:34:30 |w 2025-07-04 |x ACQUISTO |y BK | ||
| 952 | |0 0 |1 0 |2 ddc |4 0 |6 B_LNR03PANEDDAV12 |7 0 |9 4582 |a MI |b MI |d 2005-04-29 |i 243 |l 0 |o B-LNR03-PANED-DAV12 |p CDOM243 |r 2025-07-04 21:34:30 |w 2025-07-04 |x ACQUISTO |y BK | ||
| 981 | 1 | |6 z01 |a i |b xxxe | |
| 982 | 1 | |6 z01 |a n | |
| 999 | |c 4046 |d 4046 | ||